000
00313nam a22001457a 4500
003
SGT
020
_a
9789371269674
082
_a
343.052
_b
SIN
100
_a
SINGHANIA VINOD
245
_a
DIRECT TAXES LAW AND PRACTICE
250
_a
73
260
_a
NEW DELHI
_b
TAXMANN
_c
2025
300
_a
1706
942
_2
ddc
_c
BK
999
_c
34103
_d
34103